000 00271nam a2200121 a 4500
005 20140414093829.0
008 970101s19uu xx 00 eng d
050 _aVHS 800
_bR 31
245 _aMr. Holland's Opus.
440 _atape 1
942 _cAVM
999 _c108595
_d108595